00718nam a22002297a 450000500170000001000110001702000100002803500110003803700160004904000120006508200130007710000240009024500380011426000510015227000460020330000230024965000220027265000330029494200220032799900190034995201200036820170124110044.0 a850094 c50.00 a850094 bCen Lib/Ret aDPLbEN a881bAHM aAhmad Shah 9102182 aBijak of kabir /cby Ahmad Shah  aNew DelhibAsian publications seriveces c1977 bNew DelhiaA-28, East of kailash e110006 aiv,236p.c21cm(Hb) aLiterature 96262 aCritical literature 9102183 2ddccENh881mAHM c128708d128708 00104070aLbLd2015-07-03eCen Lib/Retg50.00l0o881 AHMp850094r2015-07-03 00:00:00t1v50.00w2015-07-03yEN